[Event "Daehne Cup Region 16/17 Vorrunde I"]
[Site "Hannover"]
[Date "2016.10.26"]
[Round "3"]
[White "Sideris, Apostolos"]
[Black "Aleric, Zeljko"]
[Result "1/2-1/2"]
[WhiteElo "1861"]
[BlackElo "1622"]
[PlyCount "67"]
[EventDate "2016.10.12"]
[EventType "k.o."]
[EventCountry "GER"]
[SourceTitle "EXT 2022"]
[Source "ChessBase"]
[SourceDate "2021.10.06"]
[SourceVersion "1"]
[SourceVersionDate "2021.10.06"]
[SourceQuality "1"]

1. e4 e5 2. Nf3 d6 3. d4 exd4 4. Nxd4 Nf6 5. Nc3 Be7 6. g3 Bg4 7. f3 Bd7 8. Bg2 Nc6 9. 0-0 0-0 10. f4 Nxd4 11. Qxd4 Bc6 12. Bd2 a6 13. Rae1 Re8 14. Re2 Nd7 15. Nd5 Bf6 16. Nxf6+ Qxf6 17. Qxf6 Nxf6 18. Rfe1 Re7 19. e5 Rae8 20. Bxc6 bxc6 21. Kf1 Nd7 22. Bb4 c5 23. exd6 Rxe2 24. Rxe2 Rxe2 25. Kxe2 cxd6 26. Ba5 Kf8 27. Kd3 Ke7 28. Kc4 Ke6 29. Bc3 g6 30. Kd3 Kd5 31. b3 f5 32. Bg7 h5 33. c4+ Kc6 34. Bc3 1/2-1/2

[Event "Langenhagen-ch op"]
[Site "Langenhagen"]
[Date "2016.08.06"]
[Round "3"]
[White "Sideris, Apostolos"]
[Black "Herrmann, Andreas"]
[Result "1-0"]
[WhiteElo "1823"]
[BlackElo "2059"]
[PlyCount "83"]
[EventDate "2016.06.04"]
[EventType "swiss"]
[EventRounds "7"]
[EventCountry "GER"]
[SourceTitle "CBM 189 Extra"]
[Source "ChessBase"]
[SourceDate "2019.06.03"]
[SourceVersion "1"]
[SourceVersionDate "2019.06.03"]
[SourceQuality "1"]

1. e4 c5 2. Nf3 d6 3. d4 cxd4 4. Nxd4 Nf6 5. Nc3 a6 6. Be3 e6 7. Qd2 Be7 8. f3 b5 9. 0-0-0 Bb7 10. g4 Nc6 11. Nxc6 Bxc6 12. Qf2 Nd7 13. g5 Qc7 14. Rg1 Rc8 15. Bd3 Bb7 16. Kb1 Qa5 17. Ne2 d5 18. Nf4 dxe4 19. fxe4 g6 20. Rgf1 0-0 21. Qh4 b4 22. Rg1 Rfd8 23. Rg3 Nf8 24. Rf1 Qe5 25. Ng2 Rd7 26. Bc1 h5 27. Rgf3 Bd8 28. Qf2 Qg7 29. h4 a5 30. Be3 a4 31. Bc5 a3 32. Rf6 axb2 33. Bxf8 Kxf8 34. Rxe6 Rxd3 35. Nf4 Rd7 36. Nxg6+ Kg8 37. Re8+ Kh7 38. Nf8+ Qxf8 39. Rxf8 Bxe4 40. Rxf7+ Rxf7 41. Qxf7+ Kh8 42. Qe8+ 1-0

[Event "Hannover Ihme Cup"]
[Site "Hannover"]
[Date "2016.05.20"]
[Round "1"]
[White "Sideris, Apostolos"]
[Black "Wall, Max"]
[Result "1/2-1/2"]
[WhiteElo "1807"]
[BlackElo "1962"]
[PlyCount "57"]
[EventDate "2016.05.20"]
[EventType "swiss"]
[EventRounds "5"]
[EventCountry "GER"]
[SourceTitle "CBM 189 Extra"]
[Source "ChessBase"]
[SourceDate "2019.06.03"]
[SourceVersion "1"]
[SourceVersionDate "2019.06.03"]
[SourceQuality "1"]

1. e4 c5 2. Nf3 d6 3. d4 cxd4 4. Nxd4 Nf6 5. Nc3 Nc6 6. Be2 e5 7. Nf3 h6 8. h3 Be7 9. Be3 0-0 10. Qd2 Be6 11. 0-0 d5 12. exd5 Nxd5 13. Nxd5 Qxd5 14. Qxd5 Bxd5 15. Rfd1 Be6 16. Bb5 Nb4 17. Rd2 Bf5 18. Ba4 Rac8 19. Bd7 Bxd7 20. Rxd7 Nxc2 21. Rc1 Nxe3 22. Rxc8 Rxc8 23. Rxe7 Rc1+ 24. Kh2 Nf1+ 25. Kh1 e4 26. Ne5 f5 27. Ng6 Ng3+ 28. Kh2 Nf1+ 29. Kh1 1/2-1/2